Matatrayaritya bimba-pratibimba bhavah, (Record no. 1504)

MARC details
000 -LEADER
fixed length control field 00357nam a22001337a 4500
008 - FIXED-LENGTH DATA ELEMENTS--GENERAL INFORMATION
fixed length control field 260601b |||||||| |||| 00| 0 eng d
020 ## - INTERNATIONAL STANDARD BOOK NUMBER
International Standard Book Number 9789381275481
082 ## - DEWEY DECIMAL CLASSIFICATION NUMBER
Classification number 001929
100 ## - MAIN ENTRY--PERSONAL NAME
Personal name Nagasampige, A V
245 ## - TITLE STATEMENT
Title Matatrayaritya bimba-pratibimba bhavah,
260 ## - PUBLICATION, DISTRIBUTION, ETC.
Place of publication, distribution, etc. Bengaluru
Name of publisher, distributor, etc. Poornaprajna Samshodhana Mandiram
Date of publication, distribution, etc. 2016
300 ## - PHYSICAL DESCRIPTION
Extent 398p
942 ## - ADDED ENTRY ELEMENTS (KOHA)
Source of classification or shelving scheme Dewey Decimal Classification
Holdings
Withdrawn status Lost status Source of classification or shelving scheme Damaged status Not for loan Home library Current library Shelving location Date acquired Source of acquisition Inventory number Total Checkouts Full call number Barcode Date last seen Price effective from Koha item type
    Dewey Decimal Classification     Karnataka Samskrit University Library Karnataka Samskrit University Library General Stacks 03/06/2025 Poornaprajna Samshodhana Mandiram 12237   001929 001929 06/01/2026 06/01/2026 Books

Powered by Koha